000 00894nam a22002777a 4500
001 000407
003 DO-SdBNP
005 20180207085429.0
007 000407
008 160720b 1997 sp ||||| |||| 00| 0 spa d
020 _a8434852551
040 _aBPMSU
_bspa
_cBPMSU
041 1 7 _aspa
_heng
092 _axxxxx
_bxxxxx
100 1 _aBrezina, Thomas,
_d1963-
240 1 0 _aDie Ritter-Robots. 9
_lEspañol
245 1 0 _aLos caballeros robots /
_cThomas Brezina ; ilustraciones de Werner Heymann ; traducción del alemán, José Antonio Santiago-Tagle.
250 _a7a ed.
260 _aBoadilla del Monte, Madrid :
_bSM,
_c2003.
300 _a133 p. :
_bil. ;
_c20 cm.
490 1 _aUn caso para ti y el Equipo Tigre
_v4
830 0 _aUn caso para ti y el Equipo Tigre ;
_v4
942 _2ddc
_cBK
945 _aInventariado, 2018 /LP
956 _aLOPEREZ
_b10
_c20160720
_hBPMSU
999 _c10976
_d10976